| 000 | 00472nam a2200169 i 4500 | ||
|---|---|---|---|
| 001 | 76125 | ||
| 003 | ES-MaACL | ||
| 007 | t| | ||
| 008 | 040929s1985 xxk ||||1| eng d | ||
| 020 | _a0-7201-1748-8 | ||
| 100 | 1 |
_aGreen, Syd. _959849 |
|
| 245 | 1 | 0 |
_aKeyguide to information sources in Food Science and Technology / _cSyd Green. |
| 260 |
_aLondon : _bMansell, _c1985. |
||
| 300 |
_aVIII, 231 p. ; _c24 cm. |
||
| 500 | _aIndice. | ||
| 852 |
_aES-MaACL _jL-9219 _bR.110933 |
||
| 999 |
_c76125 _d76125 |
||